Otra vuelta de tuerca /

Guardado en:
Autor Principal: James, Henry.
Formato: Libro
Idioma:Spanish
Publicado: Buenos Aires : Emecé, 1945.
Materias:
Etiquetas: Agregar Etiqueta
Sin Etiquetas, Sea el primero en etiquetar este registro!
LEADER 00437nam a22001575a 4500
001 EUN.um043521
003 AR-BaUNS
005 20050623122913.0
008 041125s1945####ag############000#0#spa#d
245 1 0 |a Otra vuelta de tuerca /  |c Henry James. 
260 |a Buenos Aires :  |b Emecé,  |c 1945. 
300 |a 210 p. 
100 1 |a James, Henry. 
082 0 4 |a 813 
653 |a Novela estadounidense 
859 |a Ar-BaUNS  |b BIB. CENTRAL - Sector C  |h 813  |i J23-1  |p 818/964